| 000 | 00341nam a2200145Ia 4500 | ||
|---|---|---|---|
| 008 | 230711s9999||||xx |||||||||||||| ||und|| | ||
| 041 | _aENG | ||
| 082 |
_a510 _bGO-M |
||
| 100 | _aGoyal,JB | ||
| 245 | 0 | _aModern Algebra | |
| 250 | _a2nd . Ed. | ||
| 260 |
_c1997 _aNew Delhi _bPragati Parkashan Meerut |
||
| 650 | _aMathematics | ||
| 942 | _cBK | ||
| 999 |
_c3758 _d3758 |
||